Statistics for Essential Vitamins and Minerals (Micronutrients)

Click here to take the quiz!

General Stats

  • This quiz has been taken 747 times
  • The average score is 15 of 27

Answer Stats

Daily ValueVitamin or Mineral% Correct
18 mgIron
87%
90 mgVitamin C
83%
1000 mgCalcium
82%
400 mgMagnesium
80%
900 µgVitamin A
80%
10 µgVitamin D
80%
3500 mgPotassium
76%
1.2 mgThiamine (B1)
71%
15 mgVitamin E
71%
2400 mgSodium
70%
120 µgVitamin K
61%
1.3 mgRiboflavin (B2)
60%
15 mgZinc
60%
16 mgNiacin (B3)
58%
2.4 µgVitamin B12
58%
400 µgFolic Acid (B9)
53%
1.3-1.7 mgVitamin B6
53%
30 µgBiotin (B7)
45%
1000 mgPhosphorus
45%
5 mgPantothenic Acid (B5)
44%
2 mgCopper
43%
2 mgManganese
40%
3400 mgChlorine
31%
150 µgIodine
30%
70 µgSelenium
28%
120 µgChromium
13%
75 µgMolybdenum
8%

Score Distribution

Percentile by Number Answered

Percent of People with Each Score

Your Score History

You have not taken this quiz